<?xml version="1.0" encoding="UTF-8"?>
<record
    xmlns:xsi="http://www.w3.org/2001/XMLSchema-instance"
    xsi:schemaLocation="http://www.loc.gov/MARC21/slim http://www.loc.gov/standards/marcxml/schema/MARC21slim.xsd"
    xmlns="http://www.loc.gov/MARC21/slim">

  <leader>00510    a2200169   4500</leader>
  <controlfield tag="005">20250605064219.0</controlfield>
  <datafield tag="020" ind1=" " ind2=" ">
    <subfield code="a">0-340-801166</subfield>
  </datafield>
  <datafield tag="082" ind1=" " ind2=" ">
    <subfield code="a">LECT 658 DEN</subfield>
  </datafield>
  <datafield tag="100" ind1=" " ind2=" ">
    <subfield code="a">DENBY, N. </subfield>
  </datafield>
  <datafield tag="245" ind1=" " ind2=" ">
    <subfield code="a">AQA GCSE Business studies </subfield>
  </datafield>
  <datafield tag="250" ind1=" " ind2=" ">
    <subfield code="a">2nd Ed. </subfield>
  </datafield>
  <datafield tag="260" ind1=" " ind2=" ">
    <subfield code="a">London, </subfield>
    <subfield code="b">Hodder &amp; Stoughton,</subfield>
    <subfield code="c">2001. </subfield>
  </datafield>
  <datafield tag="300" ind1=" " ind2=" ">
    <subfield code="a">vi, 231p.: ill.; chart, figure, picture &amp; table</subfield>
    <subfield code="b">Index,</subfield>
    <subfield code="c">28cm.</subfield>
  </datafield>
  <datafield tag="700" ind1=" " ind2=" ">
    <subfield code="a">THOMAS, P. </subfield>
  </datafield>
  <datafield tag="856" ind1=" " ind2=" ">
    <subfield code="y">Access online book</subfield>
    <subfield code="f">AQA GCSE Business studies </subfield>
    <subfield code="d">www.hodderheadline.co.uk</subfield>
  </datafield>
  <datafield tag="942" ind1=" " ind2=" ">
    <subfield code="2">ddc</subfield>
    <subfield code="c">BKS</subfield>
  </datafield>
  <datafield tag="999" ind1=" " ind2=" ">
    <subfield code="c">3168</subfield>
    <subfield code="d">3168</subfield>
  </datafield>
  <datafield tag="952" ind1=" " ind2=" ">
    <subfield code="r">2025-06-05 06:43:45</subfield>
    <subfield code="l">0</subfield>
    <subfield code="o">LECT 658 DEN</subfield>
    <subfield code="p">00000011111</subfield>
    <subfield code="v">75000.00</subfield>
    <subfield code="w">2025-06-04</subfield>
    <subfield code="y">BKS</subfield>
    <subfield code="1">0</subfield>
    <subfield code="2">ddc</subfield>
    <subfield code="4">0</subfield>
    <subfield code="7">0</subfield>
    <subfield code="0">0</subfield>
    <subfield code="a">CBEML</subfield>
    <subfield code="b">CBEML</subfield>
    <subfield code="c">GEN</subfield>
    <subfield code="d">2005-07-13</subfield>
    <subfield code="g">25000.00</subfield>
  </datafield>
  <datafield tag="952" ind1=" " ind2=" ">
    <subfield code="r">2025-06-05 06:43:45</subfield>
    <subfield code="l">0</subfield>
    <subfield code="o">LECT 658 DEN</subfield>
    <subfield code="p">00000011112</subfield>
    <subfield code="v">75000.00</subfield>
    <subfield code="w">2025-06-04</subfield>
    <subfield code="y">BKS</subfield>
    <subfield code="1">0</subfield>
    <subfield code="2">ddc</subfield>
    <subfield code="4">0</subfield>
    <subfield code="7">0</subfield>
    <subfield code="0">0</subfield>
    <subfield code="a">CBEML</subfield>
    <subfield code="b">CBEML</subfield>
    <subfield code="c">GEN</subfield>
    <subfield code="d">2005-07-13</subfield>
    <subfield code="g">25000.00</subfield>
  </datafield>
  <datafield tag="952" ind1=" " ind2=" ">
    <subfield code="r">2025-06-05 06:43:45</subfield>
    <subfield code="l">0</subfield>
    <subfield code="o">LECT 658 DEN</subfield>
    <subfield code="p">00000011113</subfield>
    <subfield code="v">75000.00</subfield>
    <subfield code="w">2025-06-04</subfield>
    <subfield code="y">BKS</subfield>
    <subfield code="1">0</subfield>
    <subfield code="2">ddc</subfield>
    <subfield code="4">0</subfield>
    <subfield code="7">0</subfield>
    <subfield code="0">0</subfield>
    <subfield code="a">CBEML</subfield>
    <subfield code="b">CBEML</subfield>
    <subfield code="c">GEN</subfield>
    <subfield code="d">2005-07-13</subfield>
    <subfield code="g">25000.00</subfield>
  </datafield>
  <datafield tag="952" ind1=" " ind2=" ">
    <subfield code="r">2025-06-05 06:43:45</subfield>
    <subfield code="l">0</subfield>
    <subfield code="o">LECT 658 DEN</subfield>
    <subfield code="p">00000011114</subfield>
    <subfield code="v">75000.00</subfield>
    <subfield code="w">2025-06-04</subfield>
    <subfield code="y">BKS</subfield>
    <subfield code="1">0</subfield>
    <subfield code="2">ddc</subfield>
    <subfield code="4">0</subfield>
    <subfield code="7">0</subfield>
    <subfield code="0">0</subfield>
    <subfield code="a">CBEML</subfield>
    <subfield code="b">CBEML</subfield>
    <subfield code="c">GEN</subfield>
    <subfield code="d">2005-07-13</subfield>
    <subfield code="g">25000.00</subfield>
  </datafield>
</record>
